000
00322nam a2200133Ia 4500
008
190216s9999||||xx |||||||||||||| ||und||
100
_a
Ramavarma. Kt
245
0
_a
Subsidiary Chemistry 1
250
_a
1st Ed.
260
_b
Kerala Bhasha Institute
_c
1973
300
_a
675
650
_a
Chemistry-Chemistry
942
_c
BK
999
_c
40505
_d
40505